Štandardizácia a normalizácia ako klasický a novodobý pojem (fenomén) rozvojových procesov v podniku

Prínosy štandardizácie a normalizácie pre organizáciu a riadenie výrobného procesu. Možnosti štandardizácie a normalizácie vo väzbe na automatizáciu v príprave výroby. Možnosti automatizácie technologickej prípravy výroby. Použitie počítača pri modelovacích prácach. Použitie počítača pri organizačn...

Descrizione completa

Salvato in:
Dettagli Bibliografici
Autore principale: Dupaľ, Andrej
Natura: Capitolo di libro
Lingua:slovacco
Soggetti:
Tags: Aggiungi Tag
Nessun Tag, puoi essere il primo ad aggiungerne!!

MARC

LEADER 00000naa$a2200000$$$4500
001 0260814
005 20240502074133.3
041 0 |a slo 
044 |a SK 
245 1 0 |a Štandardizácia a normalizácia ako klasický a novodobý pojem (fenomén) rozvojových procesov v podniku  |c Andrej Dupaľ 
520 |a Prínosy štandardizácie a normalizácie pre organizáciu a riadenie výrobného procesu. Možnosti štandardizácie a normalizácie vo väzbe na automatizáciu v príprave výroby. Možnosti automatizácie technologickej prípravy výroby. Použitie počítača pri modelovacích prácach. Použitie počítača pri organizačných projektoch prípravy výroby. Štandardizácia a normalizácia (unifikácia) v manažmente výroby. 
610 2 0 |a výroba 
610 2 0 |a proces výrobný 
610 2 0 |a štandardizácia 
610 2 0 |a normalizácia 
610 2 0 |a automatizácia 
610 2 0 |a riadenie výroby 
610 2 0 |a počítače 
100 1 |a Dupaľ, Andrej